000 00210nam a2200085Ia 4500
008 180219s9999 xx 000 0 und d
100 _aRa Sharrma
245 0 _aEducationaltechnology
260 _aVinay Rakheja R. Lall Meerut
260 _c2012
999 _c42202
_d42202